Modern methods of food analysis
Salvato in:
| Autori principali: | , |
|---|---|
| Natura: | Libro |
| Lingua: | spagnolo |
| Pubblicazione: |
Westport
Avi
1984
|
| Serie: | Basic Symposium
|
| Soggetti: | |
| Tags: |
Aggiungi Tag
Nessun Tag, puoi essere il primo ad aggiungerne!!
|
MARC
| LEADER | 00000nam a2200000 a 4500 | ||
|---|---|---|---|
| 001 | UCR4877 | ||
| 003 | CL-VaPUC | ||
| 008 | 980320e19840000US |||||||||||||||||spa|d | ||
| 082 | 0 | 4 | |a 664.07 |b STE |2 21 |
| 100 | 0 | |a Stewart, Kent |e author |9 405410 | |
| 700 | 0 | |a Whitaker, John |e author |9 405411 | |
| 245 | 1 | 0 | |a Modern methods of food analysis |
| 300 | |a 441 p | ||
| 942 | |c BK | ||
| 945 | |d 19980320 00:00:00 |a crobeson | ||
| 260 | |a Westport |b Avi |c 1984 | ||
| 650 | 7 | |a TECNOLOGIA DE ALIMENTOS |2 CL-VaPUC |9 405412 | |
| 650 | 0 | |a Control de calidad |9 259714 | |
| 650 | 0 | |a Métodos de investigación |9 262618 | |
| 650 | 0 | |a Análisis de datos |9 269871 | |
| 583 | |a last modification |c 19980320 00:00:00 |k Rodrigo Vera | ||
| 490 | 0 | |a Basic Symposium | |
| 999 | |c 267670 |d 267668 | ||
| 952 | |0 0 |1 0 |4 0 |6 664_070000000000000_STE_1984 |7 0 |8 A |9 300145 |a BIBALI |b BIBALI |c GEN |d 2019-11-20 |i 1967142 |o 664.07 STE 1984 |p 1967142 |r 2025-01-20 |w 2019-11-20 |y BK |k ALI | ||